Initiation à la critique historique

Gespeichert in:
Bibliographische Detailangaben
1. Verfasser: Halkin, Léon-E (VerfasserIn)
Format: Buch
Sprache:Französisch
Veröffentlicht: París Armand Colin 1963
Ausgabe:3a. ed
Schriftenreihe:Cahiers des Annales, 6
Schlagworte:
Tags: Tag hinzufügen
Keine Tags, Fügen Sie den ersten Tag hinzu!

MARC

LEADER 00000nam a2200000 a 4500
001 UCS2822
003 CL-VaPUC
008 970606e19630000FR |||||||||||||||||fre|d
082 0 4 |a 902  |b HAL  |2 21 
100 0 |a Halkin, Léon-E  |e author  |9 388678 
245 1 0 |a Initiation à la critique historique 
250 |a 3a. ed 
300 |a 219 p 
942 |c BK 
945 |d 19970606 00:00:00  |a lriquelm 
260 |a París  |b Armand Colin  |c 1963 
650 0 |a Historia  |9 255047 
650 0 |a Análisis histórico   |9 338000 
650 0 |a Historiografía   |9 257871 
650 0 |a Historia y estudios conexos  |9 338055 
583 |a last modification  |c 19970606 00:00:00  |k Rodrigo Vera 
490 0 |a Cahiers des Annales, 6 
999 |c 260753  |d 260751 
952 |0 0  |1 0  |4 0  |6 902_000000000000000_HAL_1963  |7 0  |8 P  |9 287086  |a BIBDER  |b BIBDER  |d 2019-11-19  |i 1859137  |o 902 HAL 1963  |p 1859137  |r 2023-01-25  |w 2019-11-19  |y BK  |k DER